|
|
|
|
| LEADER |
02488nam a2200469 4500 |
| 001 |
ocn923853627 |
| 003 |
OCoLC |
| 005 |
20170124072035.3 |
| 006 |
m o d |
| 007 |
cr |n||||||||| |
| 008 |
151012s2012 si ad ob 001 0 eng d |
| 040 |
|
|
|a YDXCP
|b eng
|c YDXCP
|d OCLCO
|d DG1
|d COO
|d OCLCQ
|d GrThAP
|
| 020 |
|
|
|a 9781119199328
|q (electronic bk.)
|
| 020 |
|
|
|a 1119199328
|q (electronic bk.)
|
| 020 |
|
|
|z 9780470829660
|
| 020 |
|
|
|z 0470829664
|
| 029 |
1 |
|
|a DEBBG
|b BV043398057
|
| 029 |
1 |
|
|a GBVCP
|b 848821084
|
| 035 |
|
|
|a (OCoLC)923853627
|
| 043 |
|
|
|a a------
|a f------
|
| 050 |
|
4 |
|a HG187.4
|b .R57 2012eb
|
| 082 |
0 |
4 |
|a 332.091767
|2 23
|
| 049 |
|
|
|a MAIN
|
| 245 |
0 |
0 |
|a Risk sharing in finance :
|b the Islamic finance alternative /
|c Hossein Askari [and others].
|
| 264 |
|
1 |
|a Singapore :
|b John Wiley & Sons (Asia) Pte. Ltd.,
|c 2012.
|
| 300 |
|
|
|a 1 online resource.
|
| 336 |
|
|
|a text
|b txt
|2 rdacontent
|
| 337 |
|
|
|a computer
|b c
|2 rdamedia
|
| 338 |
|
|
|a online resource
|b cr
|2 rdacarrier
|
| 490 |
1 |
|
|a [Wiley finance]
|
| 505 |
0 |
|
|a Front Matter -- The History and Causes of Financial Crises. A Brief History of Financial Crises and Proposed Reforms -- Financialization and the Decoupling: Recoupling Hypotheses -- Risk Sharing and the Islamic Paradigm. A Brief History of Risk: Sharing Finance -- Risk Sharing and the Islamic Finance Paradigm -- Risk Sharing in the Islamic Financial System: The Building Blocks -- Risk Sharing and Vibrant Capital Markets in Islamic Finance -- Portfolio Theory and Asset Pricing -- Complementary Role of Intermediaries and Markets in Promoting Risk Sharing -- Moving Forward. Enhanced Access to Finance, Social Welfare, and Economic Development under a Risk-Sharing System -- The Role of Institutions and Governance in Risk Sharing -- Gaps between the Theory and Practice of Islamic Finance -- Concluding Remarks.
|
| 504 |
|
|
|a Includes bibliographical references and index.
|
| 588 |
0 |
|
|a Print version record.
|
| 650 |
|
0 |
|a Finance
|z Islamic countries.
|
| 650 |
|
0 |
|a Finance
|x Religious aspects
|x Islam.
|
| 650 |
|
0 |
|a Financial services industry
|x Risk management
|z Islamic countries.
|
| 655 |
|
4 |
|a Electronic books.
|
| 700 |
1 |
|
|a Askari, Hossein,
|e author.
|
| 776 |
0 |
8 |
|i Print version:
|t Risk sharing in finance.
|d Singapore : John Wiley & Sons (Asia) Pte. Ltd., 2012
|z 9780470829660
|w (OCoLC)707263992
|
| 830 |
|
0 |
|a Wiley finance series.
|
| 856 |
4 |
0 |
|u https://doi.org/10.1002/9781119199328
|z Full Text via HEAL-Link
|
| 994 |
|
|
|a 92
|b DG1
|